| 000 | 00642nam a22002057a 4500 | ||
|---|---|---|---|
| 999 |
_c179958 _d179958 |
||
| 005 | 20210719143638.0 | ||
| 010 | _aB-740616 | ||
| 020 |
_a9781426206450 _c2468.00 |
||
| 035 | _aB-740616 | ||
| 037 | _bGift | ||
| 082 | _a779 | ||
| 100 | _aGriffiths, Annie | ||
| 245 |
_aSimply beautiful photographs / _cby Annie Griffiths |
||
| 260 |
_aWashington, D.C. _bNational Geographic Society _c2010 |
||
| 270 | _a1145 17th Street | ||
| 300 |
_a503p : _c26cm(Hb) _bill. |
||
| 700 | _aGriffiths, Annie | ||
| 942 |
_adpl _cRF _2ddc _h779 _mGRI |
||